000
00325nam a22001457a 4500
003
SGT
020
_a
938426619-1
082
_a
570
_b
SHA
100
_a
SHARMA, DR. O.P.
245
_a
A TEXTBOOK OF REMEDIAL BIOLOGY
260
_a
INDIA
_b
BIRLA PUB.
_c
2025
300
_a
372
650
_a
REMEDIAL BIOLOGY
942
_2
ddc
_c
BK
999
_c
32974
_d
32974